|
|
|
|
| LEADER |
00000nab a2200000 a 4500 |
| 001 |
vtls012152412 |
| 003 |
SK-MaSNL |
| 005 |
20260304232706.0 |
| 008 |
221020c1990 xo 0 slo |
| 015 |
|
|
|a SNBRB
|
| 040 |
|
|
|a SNKBUCL
|b slo
|c SNKBUCL
|e AACR2
|
| 041 |
0 |
|
|a slo
|
| 044 |
|
|
|a xo
|c SK
|
| 080 |
|
|
|a (046)
|2 2011
|
| 100 |
1 |
|
|a Petrík, Vladimír,
|d 1929-2017
|4 aut
|9 171168
|
| 245 |
1 |
0 |
|a Národné a všeľudské
|c Vladimír Petrík
|
| 500 |
|
|
|a Rozdielne články, obsahovo podobné
|
| 500 |
|
|
|a Články rozsahovo rozdielne, obsahovo podobné
|
| 650 |
0 |
7 |
|a morálka a spoločnosť
|2 snkbucl
|9 49837
|
| 655 |
|
7 |
|a články z novín a časopisov
|2 snkbucl
|9 267496
|
| 655 |
|
7 |
|a články
|2 snkbucl
|9 70601
|
| 773 |
0 |
|
|t Literárny týždenník
|g Roč. 3, č. 51-52 (1990), s. 2
|x 0862-5999
|
| 787 |
0 |
8 |
|i Súvisiaci článok:
|t Evanjelický posol spod Tatier
|g Roč. 88, č. 12 (26. 03. 1998), s. 6
|
| 850 |
|
|
|a Slovenská národná knižnica v Martine
|a MTA001
|
| 958 |
|
|
|a RK
|
| 958 |
|
|
|a PETRIKApk/1990
|
| 999 |
|
|
|c 3195071
|d 3197001
|